00428 2200157 4500001002100000005001500021035002000036245006200056100002300118300002800141260004500169082000800214084001400222020002200236990001200258INLIS00000000000316220251126112946 a0010-11250000231 aEnsiklopedia Energi :bJenis Energi /cEstika Herachandra0 aEstika Herachandra a104 hlm ;c17,5 x 25 cm aJakarta :bPT. Listafariska Putra,c2014 a500 a500 EST e a978-602-9232-21-9 a0750967